Sports Quiz

Random Sports or NFL Quiz

NFL Career Ranking Showdown Quiz Stats

 Plays Quiz Updated Jan 2, 2017

Challenge
Share
Tweet
Embed
Score 0/20 Timer 08:00
10 Plays Today
% Correct
Jerry Rice
91%
Brett Favre
88.2%
Emmitt Smith
85.6%
Randy Moss
63.3%
Walter Payton
62.5%
Tony Gonzalez
61.5%
Morten Andersen
59.6%
Dan Marino
57.8%
LaDainian Tomlinson
56.6%
Jan Stenerud
52.1%
% Correct
Jim Brown
50.5%
George Blanda
50.5%
Shannon Sharpe
47.8%
Gale Sayers
46.3%
Steve Young
44.7%
John Elway
42.3%
Terry Bradshaw
41.9%
Joe Montana
39%
Paul Hornung
37.2%
Bob Hayes
26.5%

You're not logged in!

Compare scores with friends on all Sporcle quizzes.
Join for Free
OR
Log In

You Might Also Like...

Show Comments

Extras

Top Quizzes Today


Score Distribution

Your Account Isn't Verified!

In order to create a playlist on Sporcle, you need to verify the email address you used during registration. Go to your Sporcle Settings to finish the process.

Report this User

Report this user for behavior that violates our Community Guidelines.

Details: